Evénement le plus marquant depuis 1970 par année - Statistiques

Statistiques générales
  • Ce quiz a été pris 46 fois
  • Le résultat moyen est 23 sur 51
Statistiques - réponses
Question Réponse % Correct
1989 Chute du mur de Berlin
100%
1994 Inauguration du tunnel sous la Manche
100%
2011 Accident de Fukushima
80%
2016 Attentat du 14 juillet à Nice
80%
2001 Attentats du 11 septembre
80%
1984 Boycott des JO de Los Angeles
80%
1977 Dernière exécution capitale en France
80%
1981 Election de François Mitterrand
80%
1998 France championne du monde en football
80%
1970 Mort de Charles de Gaulle
80%
1978 Mort de Claude François
80%
1996 Mort de François Mitterrand
80%
1997 Mort de Lady Diana
80%
2015 Sérié d'attentats en France en novembre
80%
1992 Traité de Maastricht
80%
1973 1er choc pétrolier
60%
2003 Canicule en Europe en août
60%
1975 Chute de Saïgon
60%
2019 Incendie de ND de Paris
60%
1995 Jacques Chirac élu président
60%
2005 Mort de Jean-Paul II
60%
2009 Mort de Michael Jackson
60%
1972 Prise d'otages pendant les JO de Munich
60%
2020 Confinements dans la plupart des pays du monde
40%
1985 Création des Restos du coeur
40%
1990 Début de la guerre du Koweït
40%
2008 Election de Barack Obama
40%
1982 Guerre des Malouines
40%
2006 L'Italie gagne la coupe du monde de football
40%
1993 L'OM champion d'Europe en football
40%
1986 Mort de Coluche
40%
2017 Mort de Johnny Hallyday
40%
2010 Tremblement de terre en Haïti 220000 +
40%
2004 Tsunami dans l'océan indien
40%
1976 Catastrophe de Seveso
20%
1971 Création de Médecins sans frontières
20%
2002 Jean-Marie Le Pen au 2e tour de la présidentielle
20%
2014 JO de Sotchi
20%
2000 La France championne d'Europe en football
20%
1987 Mort de Dalida
20%
1980 Mort John Lennon
20%
1988 Séisme en Arménie - 25000 +
20%
2018 Attentats dans le sud-ouest et mort du colonel Beltrame
0%
1999 Eclipse totale de soleil en France
0%
1974 Election de Valéry Giscard d'Estaing
0%
2012 Jean Dujardin reçoit l'Oscar du meilleur acteur
0%
2013 Lance Armstrong avoue s'être dopé
0%
1983 Les Soviétiqus abattent un Boeing civil sud-coréen
0%
1979 Margaret Thatcher devient Premier ministre
0%
2007 Mort de l'Abbé Pierre
0%
1991 Mort de Serge Gainsbourg
0%
Aucun quiz correspondant
Distribution des résultats
% des personnes avec chaque résultat
Percentile par nombre de réponses
Votre historique - résultats
Vous n’avez pas pris ce quiz